00405nam a2200145Ia 4500008004100000100002500041245004500066245002400111260002400135260000900159300002300168440003200191650002300223650001300246190717s9999 xx 000 0 und d aPunongbayan, Michael aAFP building memorial for Marawi heroes/ cMichael Punongbayan bThe Philippine Star c2018 aPage 14, August 27 aThe Philippine Starv33: 31 aMarawi -- Mindanao aMilitary